<?xml version="1.0" encoding="UTF-8"?><?xml-stylesheet type="text/xsl" href="static/style.xsl"?><OAI-PMH xmlns="http://www.openarchives.org/OAI/2.0/" xmlns:xsi="http://www.w3.org/2001/XMLSchema-instance" xsi:schemaLocation="http://www.openarchives.org/OAI/2.0/ http://www.openarchives.org/OAI/2.0/OAI-PMH.xsd"><responseDate>2026-04-17T01:13:13Z</responseDate><request verb="GetRecord" identifier="oai:www.recercat.cat:2072/454200" metadataPrefix="marc">https://recercat.cat/oai/request</request><GetRecord><record><header><identifier>oai:recercat.cat:2072/454200</identifier><datestamp>2025-03-23T21:06:04Z</datestamp><setSpec>com_2072_98</setSpec><setSpec>col_2072_378196</setSpec></header><metadata><record xmlns="http://www.loc.gov/MARC21/slim" xmlns:dcterms="http://purl.org/dc/terms/" xmlns:xsi="http://www.w3.org/2001/XMLSchema-instance" xmlns:doc="http://www.lyncode.com/xoai" xsi:schemaLocation="http://www.loc.gov/MARC21/slim http://www.loc.gov/standards/marcxml/schema/MARC21slim.xsd">
   <leader>00925njm 22002777a 4500</leader>
   <datafield ind2=" " ind1=" " tag="042">
      <subfield code="a">dc</subfield>
   </datafield>
   <datafield ind2=" " ind1=" " tag="720">
      <subfield code="a">Pérez Rodríguez, Pol</subfield>
      <subfield code="e">author</subfield>
   </datafield>
   <datafield ind2=" " ind1=" " tag="720">
      <subfield code="a">Universitat Autònoma de Barcelona. Escola d'Enginyeria</subfield>
      <subfield code="e">author</subfield>
   </datafield>
   <datafield ind2=" " ind1=" " tag="260">
      <subfield code="c">2022</subfield>
   </datafield>
   <datafield ind2=" " ind1=" " tag="520">
      <subfield code="a">The Starlink constellation, which currently has a total of 1693 satellites, may seem like a novel solution to the problem of communications in all regions of the world, but it was not the first to appear in our skies, as we will see in the paper, looking at the main characteristics of the constellations that currently exist. In this article we will only technically analyse the Starlink constellation, examining each of the satellites currently in orbit and looking at the usual parameters of a ground-to-satellite radio communication system. The orbital geometry will be discussed and the mathematical model for this link will be shown. This link will provide an exhaustive analysis of the attenuation losses in the communication standards, and will check to what extent the channel capacity proposed by Space X resembles reality; both in discrete points and in a global positional study, providing a first overview of the system.</subfield>
   </datafield>
   <datafield ind2="0" ind1="0" tag="245">
      <subfield code="a">Characterization of Starlink constellation</subfield>
   </datafield>
</record></metadata></record></GetRecord></OAI-PMH>